| 000 | 00532cam a2200205ua 4500 | ||
|---|---|---|---|
| 001 | 6427 | ||
| 005 | 20260515114040.0 | ||
| 008 | 131207n ii |||gr||||Z||||||eng | ||
| 020 | _a81-7096-033-9 | ||
| 040 | _cMAIN | ||
| 082 | _a519.5 | ||
| 245 |
_aBusiness mathematics & statistics _cBy K.K. Nag |
||
| 260 |
_aLudhiana: _bKalyani publishers, _c1987. |
||
| 300 | _ax,422p. | ||
| 653 | _aCommerce | ||
| 653 | _aBusiness mathematics & statistics | ||
| 700 |
_aNag,K.K., _eAuthor., |
||
| 700 | 1 |
_aChanda,S.C., _eAuthor. |
|
| 942 | _cBK | ||
| 999 |
_c5571 _d5571 |
||